000 00970nas a2200313 4500
001 BR2017002017
003 BR-BrBNA
005 20231205131030.0
007 ta
008 230509b bl.|||p| |||| 00| 00por d
040 _aBR-BrBNA
_bpor
_cBiblioteca Nacional de Agricultura
041 _a(En)
072 _aK10
100 1 _aStuepp, C.A.
100 1 _aBitencourt, J. de
100 1 _aWendling, I.
100 1 _aKoehler, H.S.
100 1 _aZuffellato-RIbas, K.C.
245 1 _aAge of stock plants, seasons and iba effect on vegetative propagation of Ilex paraguariensis
650 _aMATE
650 _aMUDA
650 _aPRODUÇÃO
650 _aPROPAGAÇÃO VEGETATIVA
650 _aSILVICULTURA
773 0 _tRevista Árvore (Brazil)
_xISSN 1806-9088
_g(2017), v. 41(2) p. 1-7
_wBR2017002017
856 4 0 _uhttp://www.scielo.br/pdf/rarv/v41n2/0100-6762-rarv-41-02-e410204.pdf
909 _a202311
_bLúcia
_c55
_dLúcia Elande
942 _2AGRIS
_n0
_cANA
999 _c252676
_d252676